Statistics for Chinese Landmarks Quiz

Click here to take the quiz!

General Stats

  • This quiz has been taken 14 times
  • The average score is 4 of 15

Answer Stats

Answer% Correct
Forbidden City
100%
Great Wall of China
100%
Tiananmen Square
58%
Yangtze River
58%
Temple of Heaven
42%
Nanjing Road
25%
West Lake
25%
Lama Temple
8%
Leshan Giant Buddha
8%
Chimelong Paradise
0%
Jiuzhai Valley National Park
0%
Mount Hua
0%
Oriental Pearl TV Tower
0%
Reed Flute Cave
0%
The Giant Wild Goose Pagoda
0%

Score Distribution

Percentile by Number Answered

Percent of People with Each Score

Your Score History

You have not taken this quiz